Source book on materials for elevated-temperature applications : (Record no. 61559)

000 -LEADER
fixed length control field 01046pam a2200265 i 4500
001 - CONTROL NUMBER
control field 2281186
003 - CONTROL NUMBER IDENTIFIER
control field NUST-PNEC
005 - DATE AND TIME OF LATEST TRANSACTION
control field 20170116180725.0
008 - FIXED-LENGTH DATA ELEMENTS--GENERAL INFORMATION
fixed length control field 790723r1979 ohua b 001 0 eng
010 ## - LIBRARY OF CONGRESS CONTROL NUMBER
LC control number 79017831
020 ## - INTERNATIONAL STANDARD BOOK NUMBER
International Standard Book Number 0871700816
040 ## - CATALOGING SOURCE
Transcribing agency PNEC
050 00 - LIBRARY OF CONGRESS CALL NUMBER
Classification number TA485
Item number .S65
082 00 - DEWEY DECIMAL CLASSIFICATION NUMBER
Classification number 620.161 ASM
100 ## - MAIN ENTRY--PERSONAL NAME
9 (RLIN) 895
Personal name ASM (American Society for Metals)
245 00 - TITLE STATEMENT
Title Source book on materials for elevated-temperature applications :
Remainder of title a comprehensive collection of outstanding articles from the periodical and reference literature /
Statement of responsibility, etc. compiled by consulting editor, Elihu F. Bradley.
260 ## - PUBLICATION, DISTRIBUTION, ETC.
Place of publication, distribution, etc. Metals Park, Ohio :
Name of publisher, distributor, etc. American Society for Metals,
Date of publication, distribution, etc. c1979.
300 ## - PHYSICAL DESCRIPTION
Extent x, 398 p. ;
Other physical details ill. ;
Dimensions 29 cm.
500 ## - GENERAL NOTE
General note http://www.amazon.com/s/ref=nb_sb_noss?url=search-alias%3Dstripbooks&field-keywords=0871700816
504 ## - BIBLIOGRAPHY, ETC. NOTE
Bibliography, etc. note Includes bibliographical references and index.
650 #0 - SUBJECT ADDED ENTRY--TOPICAL TERM
Topical term or geographic name entry element Heat resistant alloys.
General subdivision ME
700 1# - ADDED ENTRY--PERSONAL NAME
Personal name Bradley, Elihu F.
906 ## - LOCAL DATA ELEMENT F, LDF (RLIN)
a 7
b cbc
c orignew
d 1
e ocip
f 19
g y-gencatlg
942 ## - ADDED ENTRY ELEMENTS (KOHA)
Source of classification or shelving scheme
Koha item type Book
Holdings
Withdrawn status Lost status Source of classification or shelving scheme Damaged status Not for loan Permanent Location Current Location Shelving location Date acquired Source of acquisition Cost, normal purchase price Total Checkouts Full call number Barcode Date last seen Date last checked out Cost, replacement price Price effective from Koha item type
          Pakistan Navy Engineering College (PNEC) Pakistan Navy Engineering College (PNEC) Reference 06/02/1985 Sasi Book Store 896.70 1 620.161 ASM PNECLIB-006473 01/21/2016 01/21/2016 896.70 06/02/1985 Book
© 2023 Central Library, National University of Sciences and Technology. All Rights Reserved.